Statistiques concernant Matchs Inazuma Eleven (1, 2 et 3)

Cliquez ici pour prendre le quiz!

Statistiques générales

  • Ce quiz a été pris 197 fois
  • Le résultat moyen est 16 sur 36

Statistiques - réponses

HintRéponse% Correct
RaimonRoyal Académie
99%
RaimonOcculte
79%
RaimonWild
71%
RaimonZeus
63%
RaimonCybertech
62%
RaimonOtaku
61%
RaimonTempête des Gémeaux
59%
RaimonKirkwood
58%
RaimonTerria
57%
RaimonShuriken
56%
RaimonRoyal Académie
55%
RaimonAlpin
49%
RaimonEpsilon
48%
RaimonGenesis
46%
RaimonTempête des Gémeaux
46%
Inazuma JaponBig Waves
44%
RaimonEmpereurs Noirs
43%
RaimonTempête des Gémeaux
43%
RaimonEpsilon
41%
Inazuma JaponLions du Désert
40%
RaimonChaos
39%
Inazuma JaponDragons de Feu
36%
Inazuma JaponKnights of Queen
36%
Inazuma JaponOrphée
36%
RaimonDiamond Dust
35%
RaimonServices Secrets
34%
RaimonGenesis
32%
RaimonTriple C
32%
Inazuma JaponRois du Football
31%
Inazuma JaponEmpereurs
29%
Inazuma JaponLicornes
29%
Inazuma JaponLittles Gigantes
26%
RaimonFauxshore
25%
RaimonMary Times Memorial
25%
RaimonNouvelle Royal Académie
25%
RaimonNouvel Epsilon
22%

Distribution des résultats

Percentile par nombre de réponses

% des personnes avec chaque résultat

Votre développement - résultats

Vous n’avez pas pris ce quiz